000
00264nam a2200109Ia 4500
008
231212s1984 xx 000 0 und d
041
_a
eng
082
_a
491.43
100
_a
Kazinik M.L.
245
_a
Fundamental Of Television
260
_a
New Delhi
_b
Peopel
_c
1984
999
_c
958600
_d
958600